| 000 | 00543 a2200181 4500 | ||
|---|---|---|---|
| 003 | OSt | ||
| 005 | 20240127124826.0 | ||
| 008 | 240127b |||||||| |||| 00| 0 eng d | ||
| 020 | _a9789389040876 | ||
| 040 | _coclc | ||
| 082 |
_a305.697 _bLEA/I |
||
| 100 |
_aLean, Nathan _910324 |
||
| 245 |
_aIslamophobia Industry: _bMuslim Virodhathinte Valathupaksha Nirmithi / _cNathan Lean |
||
| 250 | _a1st ed. | ||
| 260 |
_aCalicut: _bIPB Books, _c2020. |
||
| 300 | _a306p. | ||
| 942 |
_2ddc _cBK _h305.697 _iLEA/I _k305.697 _mLEA/I |
||
| 999 |
_c43332 _d43332 |
||